000 00924nam a2200289Ia 4500
001 Z_2248
003 CHAP
008 220113s1994 xx 000 0 und d
010 _a165304
040 _cCHAP
090 _aTesis R 915
100 _aRodríguez Méndez, Eliud Arquímedes
_998705
245 _aIntensidad de defoliación sobre competencia entre alfalfa (Medicago sativa L.) y Orchard (Dactylis glomerata L.) en invernadero /
_cpor Eliud Arquímedes Rodríguez Méndez
260 _aChapingo, Méx. :
_bEl autor,
_c1994
300 _a67 h.
502 _aTesis (Ing. Agr. Esp. en Zootecnia) -- UACH. Departamento de Zootecnia
650 _aAlfalfa
_xDefoliación
_93859
650 _aCultivos en invernadero
_930376
650 _aDactylis glomerata
_930865
650 _aDefoliación
_931505
901 _aTESIS R 915
902 _aM
910 _a1994
942 _c2
942 _c2
999 _c165304
_d165304